000 00829nas0a22002051i 4500
001 v19\rc\2074893
005 20240725233019.0
035 _a(NLR Aleph) 005171951
090 _a5076514
_c5076514
100 _a20081218b1917 |||y0rusy50 ca
101 0 _arus
102 _aRU
105 _ay z |||||
200 1 _aЕврейский пролетарий
_eГ. 1
_fЕвр. раб. партия социалистов-территориалистов ("С.-С.")
210 _aПетроград
_cМ.У. Шатц
_d1917
801 0 _aRU
_bNLR
_gpsbo
801 1 _aRU
_bProSoft-M
_2rusmarc
830 _aПеречень имеющихся в библиотеке томов, номеров, годов этого издания смотри в каталоге периодических изданий
852 _aNLR
_j3/3412
942 _cSE